Statistics for Largest Cities in Pakistan

Click here to take the quiz!

General Stats

  • This quiz has been taken 94 times
  • The average score is 9 of 19

Answer Stats

PopulationCity Name% Correct
4,700,000Islamabad-Rawalpindi
100%
24,300,000Karachi
96%
10,052,000Lahore
96%
4,075,000Faisalabad
74%
3,490,000Hyderabad
74%
1,785,000Peshawar
73%
1,140,000Quetta
69%
3,100,000Multan
66%
2,700,000Gujranwala
59%
580,000Sialkot
35%
336,727Gujrat
24%
960,000Bahawalpur
23%
1,550,000Sargodha
23%
585,000Sukkur
16%
520,000Larkana
15%
352,135Mardan
10%
353,112Rahim Yar Khan
10%
540,000Sheikhupura
10%
372,645Jhang
8%

Score Distribution

Percentile by Number Answered

Percent of People with Each Score

Your Score History

You have not taken this quiz